| 000 | 00582nam a2200229Ia 4500 | ||
|---|---|---|---|
| 003 | OSt | ||
| 005 | 20221005123422.0 | ||
| 006 | a|||||r|||| 00| 0 | ||
| 007 | ta | ||
| 008 | 221004b |||||||| |||| 00| 0 eng d | ||
| 024 | _a67534 | ||
| 037 | _cTextual | ||
| 040 |
_aCRL _cCRL _beng |
||
| 041 |
_2eng _aeng |
||
| 082 | _aV671:28wMCE, G1 | ||
| 100 |
_aCecil Lord Edward _9633644 |
||
| 245 | 0 | _aLeisure of an Egyptian official | |
| 260 | _c1931 | ||
| 650 | _aHISTORY | ||
| 942 |
_hV671:28wMCE, G1 _cTEXL _2cc |
||
| 999 |
_c1047358 _d1047358 |
||